Statistics for Difficult Geography Quiz #3

Click here to take the quiz!

General Stats

  • This quiz has been taken 11 times
  • The average score is 3 of 12

Answer Stats

Answer% Correct
Denmark | Faroe Islands
67%
Uruguay
67%
Bulgaria
44%
Liechtenstein
33%
Niger
33%
Haiti
22%
Mozambique
22%
Kosovo | Serbia
11%
Timor-Leste
11%
Belarus
0%
Gambia
0%
Jordan
0%

Score Distribution

Percentile by Number Answered

Percent of People with Each Score

Your Score History

You have not taken this quiz